Monografías de política, tecnología e integración/
Se enfatiza primeramente en el origen de los modelos de sistema de ciencia y tecnología y se señala que la mayoría de las corrientes económicas han considerado en sus formulaciones teóricas el papel de la ciencia y la tecnología y desde su mismo origen las teorías del desarrollo giraron en torno a p...
Guardat en:
| Autor corporatiu: | |
|---|---|
| Format: | Llibre |
| Idioma: | Spanish |
| Matèries: | |
| Etiquetes: |
Afegir etiqueta
Sense etiquetes, Sigues el primer a etiquetar aquest registre!
|
MARC
| LEADER | 00000nam a22000007a 4500 | ||
|---|---|---|---|
| 003 | cru CIDCACS/IIS | ||
| 005 | 20230804062554.0 | ||
| 008 | 200730s1986 gt |||p|r||||||0| ||spa|d | ||
| 999 | |c 43278 |d 43278 | ||
| 040 | |c cru CIDCACS/IIS | ||
| 110 | 2 | |9 9482 |a Secretaría Permanente del Tratado General de Integración Económica Centroamericana | |
| 245 | 1 | |a Monografías de política, tecnología e integración/ |c Secretaría Permanente del Tratado General de Integración Económica Centroamericana | |
| 300 | |a 11 páginas: |b tablas | ||
| 520 | |a Se enfatiza primeramente en el origen de los modelos de sistema de ciencia y tecnología y se señala que la mayoría de las corrientes económicas han considerado en sus formulaciones teóricas el papel de la ciencia y la tecnología y desde su mismo origen las teorías del desarrollo giraron en torno a problemas de dependencia tecnológica. Se dan a conocer una serie de modelos como el triángulo de Sábato, los diagramas de Kalty-Carrére, la aproximación de Sagasti, el modelo de la dependencia, ofreciéndose diagramas de cada uno de estos hasta llegar al modelo centroamericano de ciencia y tecnología. Este modelo repite el esquema de oferta y demanda pero además se basa en el modelo de comunicación siguiendo una estructura ternaria a la cual se agregan el sistema educativo y el Estado. En los diagnósticos y políticas de los planes este enfoque ha sido positivo en cuanto al ordenamiento pero no ha sido evaluado en cuanto a generador de una concepción no demostrada del funcionamiento de la ciencia y la tecnología con respecto a sociedades subdesarrolladas, así como proyectos de superestructura institucional mediante el cual se pretende dar respuesta a un problema hipotético. De todas formas es importante rescatar entre los elementos la noción general de modelo de sistema nacional de ciencia y tecnología, con todas sus limitaciones y desventajas, pero también con toda su utilidad y ventajas y sus mismas posibilidades de perfeccionamiento, evaluando siempre los problemas de su utilización y contaminación que puedan generar en la planificación científica técnica. OB/JM | ||
| 650 | 0 | |9 1692 |a CAMBIO TECNOLOGICO | |
| 650 | 7 | |9 9483 |a ELECCION DE LA TECNOLOGIA | |
| 650 | 0 | |9 1730 |a EVALUACION DE LA TECNOLOGIA | |
| 650 | 0 | |9 3312 |a PROGRESO CIENTIFICO | |
| 650 | 0 | |a POLITICAS DE DESARROLLO |9 3369 | |
| 650 | 4 | |9 4365 |a OFERTA Y DEMANDA | |
| 650 | 0 | |9 243 |a ESTADO | |
| 650 | 0 | |9 3809 |a PLANES DE DESARROLLO | |
| 650 | 0 | |9 3915 |a PLANES NACIONALES | |
| 650 | 4 | |9 1838 |a DEPENDENCIA ECONOMICA | |
| 650 | 0 | |9 1732 |a CIENCIA Y TECNOLOGIA | |
| 650 | 0 | |9 1642 |a PAISES EN DESARROLLO | |
| 651 | 0 | |9 308 |a CENTROAMERICA | |
| 942 | |2 ddc |c PP | ||
| 773 | 0 | |0 43277 |9 4752 |a Secretaría Permanente del Tratado General de Integración Económica Centroamericana |d Guatemala: SIECA, 1986- |o MFN: 0998 |t Monografías de política, tecnología e integración/ | |
